Маммография (Запись № 1065001)

Подробности
000 -МАРКЕР
контрольное поле 02096nam0a2200409 4500
001 - ИДЕНТИФИКАТОР ЗАПИСИ
контрольное поле RU\NLR\bibl\1382799
005 - ИДЕНТИФИКАТОР ВЕРСИИ
контрольное поле 20260405195934.0
010 ## - МЕЖДУНАРОДНЫЙ СТАНДАРТНЫЙ НОМЕР КНИГИ (ISBN)
Номер (ISBN) 5-98322-471-9
Тираж 2000
021 ## - НОМЕР ГОСУДАРСТВЕННОЙ РЕГИСТРАЦИИ
Код страны Российская Федерация
Номер 2009-30586
Номер Листа государственной регистраци 1839
035 ## - ДРУГИЕ СИСТЕМНЫЕ НОМЕРА
Идентификатор записи (nilc)RSL-KNO-004314391
035 ## - ДРУГИЕ СИСТЕМНЫЕ НОМЕРА
Идентификатор записи (NLR Aleph) 001374874
100 ## - ДАННЫЕ ОБЩЕЙ ОБРАБОТКИ
Данные общей обработки 20090410d2009 |||y0rusy50 ca
101 1# - ЯЗЫК РЕСУРСА
Язык текста, звукозаписи и т.д. русский
Язык оригинала английский
102 ## - СТРАНА ПУБЛИКАЦИИ ИЛИ ПРОИЗВОДСТВА
Страна публикации Российская Федерация
105 ## - ПОЛЕ КОДИРОВАННЫХ ДАННЫХ: ТЕКСТОВЫЕ МАТЕРИАЛЫ, МОНОГРАФИЧЕСКИЕ
Кодированные данные о монографическом текстовом документе a |||||||||
200 1# - ЗАГЛАВИЕ И СВЕДЕНИЯ ОБ ОТВЕТСТВЕННОСТИ
Основное заглавие Маммография
Сведения, относящиеся к заглавию 100 клинических случаев
Первые сведения об ответственности Уве Фишер, Фридеманн Баум [при участии Ласло Фузези, Дорита вон Хейдена]
Последующие сведения об ответственности пер. с англ. : [В. А. Климова]
-- под общ. ред. Н. В. Заболотской
210 ## - ПУБЛИКАЦИЯ, РАСПРОСТРАНЕНИЕ И ДР.
Место издания, распространения и т.д. Москва
Имя издателя, распространителя и т. д. МЕДпресс-информ
Дата издания, распространения и т.д. 2009
215 ## - ФИЗИЧЕСКАЯ ХАРАКТЕРИСТИКА
Специфическое обозначение материала и объем 363 с.
Другие сведения о физической характеристике ил., цв. ил.
Размеры 31
300 ## - ОБЩИЕ ПРИМЕЧАНИЯ
Текст примечания Загл. и авт. ориг.: Mammography casebook / Uwe Fischer, M.D. Professor, Fridemann Baum, M.D.
320 ## - ПРИМЕЧАНИЯ О НАЛИЧИИ В ДОКУМЕНТЕ БИБЛИОГРАФИИ / УКАЗАТЕЛЯ
Текст примечания Алф. указ.: с. 362-363
454 #0 - ОРИГИНАЛ (ПЕРЕВОДА)
Встроенное поле 2001#$aMammography casebook$fUwe Fischer, M.D. Professor, Fridemann Baum, M.D.
-- 700#1$3RU\NLR\AUTH\7787593$7ba$aFischer$bU.$gUwe$4070
-- 701#1$3RU\NLR\AUTH\7787596$7ba$aBaum$bF.$gFriedemann$4070
Заглавие Mammography casebook
Автор Fischer, Uwe
606 1# - НАИМЕНОВАНИЕ ТЕМЫ КАК ПРЕДМЕТ
Наименование темы Маммография
Формальный подзаголовок Руководства, пособия и т.п
Системный номер авторитетной/нормативной записи 2259861
Идентификатор авторитетной/нормативной записи RU\NLR\AUTH\6601584927
606 1# - НАИМЕНОВАНИЕ ТЕМЫ КАК ПРЕДМЕТ
Наименование темы Молочные железы
Формальный подзаголовок Руководства, пособия и т.п.
Тематический подзаголовок Болезни
-- Диагностика
-- Визуализации методы
Системный номер авторитетной/нормативной записи 2442323
Идентификатор авторитетной/нормативной записи RU\NLR\auth\661452842
610 0# - НЕКОНТРОЛИРУЕМЫЕ ПРЕДМЕТНЫЕ ТЕРМИНЫ
Предметный термин маммография
686 ## - ИНДЕКСЫ ДРУГИХ КЛАССИФИКАЦИЙ
Индекс Р364.199,07
Код системы
686 ## - ИНДЕКСЫ ДРУГИХ КЛАССИФИКАЦИЙ
Индекс Р364.191.31я7
686 ## - ИНДЕКСЫ ДРУГИХ КЛАССИФИКАЦИЙ
Индекс Р457.363.1-43я7
700 #1 - ИМЯ ЛИЦА - ПЕРВИЧНАЯ ОТВЕТСТВЕННОСТЬ
Код отношения Автор
Графика поля Кириллица
Материалы, к которым относится поле rus
Начальный элемент ввода Фишер
Часть имени, кроме начального элемента ввода У.
Расширение инициалов личного имени Уве
Системный номер авторитетной/нормативной записи 70520
Идентификатор авторитетной/нормативной записи RU\NLR\AUTH\7787592
701 #1 - ИМЯ ЛИЦА - АЛЬТЕРНАТИВНАЯ ОТВЕТСТВЕННОСТЬ
Код отношения Автор
Графика поля Кириллица
Материалы, к которым относится поле rus
Начальный элемент ввода Баум
Часть имени, кроме начального элемента ввода Ф.
Расширение инициалов личного имени Фридеман
Системный номер авторитетной/нормативной записи 70522
Идентификатор авторитетной/нормативной записи RU\NLR\AUTH\7787594
801 #0 - ИСТОЧНИК ЗАПИСИ
Страна Российская Федерация
Организация РКП
Дата составления 20090410
Правила каталогизации rcr
801 #1 - ИСТОЧНИК ЗАПИСИ
Страна Российская Федерация
Организация РГБ
Дата составления 20090410
801 #2 - ИСТОЧНИК ЗАПИСИ
Страна Российская Федерация
Организация NLR
Дата составления 20090617
Правила каталогизации rcr
942 ## - ДОПОЛНИТЕЛЬНЫЕ ЭЛЕМЕНТЫ ЗАПИСИ (АБИС)
Тип экземпляра АБИС Книга
980 ## - КОЛЛЕКЦИЯ
Название коллекции Национальная библиография
Экземпляры
Тип экземпляра Дата поступления Источник поступления Библиотека постоянного хранения Библиотека текущего хранения Место хранения Шифр хранения Штрих-код Статус экземпляра Стоимость
Книга 17.06.2009 Обязательный экземпляр РНБ (Московский) РНБ (Московский) Русский книжный фонд: издания с 1957 года 2009-9/101 1-928513    
Книга 17.06.2009 Обязательный экземпляр РНБ (Московский) РНБ (Московский) Русский книжный фонд: издания с 1957 года 2009-9/101 2942951    
Книга 21.09.2011 Покупка РНБ (Московский) РНБ (Московский) Фонд общего зала литературы по биологии и медицине М1 Р364/Ф-681 1-297151   1716.00